Taylor Swift - London Boy Lyrics - Statistics

General Stats
  • This quiz has been taken 338 times
  • The average score is 321 of 399
Answer Stats
Answer % Correct
a
99%
I
99%
love
98%
boy
96%
London
96%
my
96%
you
96%
You
96%
the
95%
He
93%
know
93%
like
92%
Like
92%
American
91%
home
91%
in
91%
smile
91%
likes
90%
me
90%
So
90%
afternoon
89%
But
88%
fancy
88%
is
88%
to
88%
where
88%
And
87%
and
87%
be
85%
enjoy
85%
heart
85%
when
85%
Darling
84%
say
83%
are
82%
child
82%
They
82%
we
82%
with
82%
his
81%
not
81%
all
79%
God
79%
that's
79%
whiskey
79%
English
78%
best
77%
eyes
77%
hometown
77%
meet
77%
mine
77%
as
76%
mates
76%
walking
76%
blue
75%
high
75%
much
75%
Tennessee
75%
friends
74%
our
74%
true
74%
heard
73%
jean
73%
rumors
72%
then
71%
accent
70%
rugby
70%
guess
69%
him
69%
laughing
69%
something
69%
happened
68%
Just
68%
of
68%
back
67%
Camden
67%
can
67%
pub
67%
saw
67%
SoCal
67%
wanna
67%
Wanna
67%
watching
67%
faded
66%
good
66%
time
66%
dimples
65%
don't
65%
End
65%
first
65%
on
65%
school
65%
West
65%
your
65%
tea
64%
met
63%
Show
61%
show
61%
Took
61%
find
60%
Springsteen
60%
uni
60%
Babe
59%
Highgate
59%
threaten
59%
from
58%
Motown
58%
I'm
57%
oh
56%
Oh
56%
sky
56%
Stella
56%
Street
56%
street
56%
Market
55%
gray
54%
have
54%
up
54%
ride
53%
Brixton
52%
nights
52%
cab
50%
Doesn't
50%
stories
50%
rainy
49%
McCartney
48%
queen
48%
SoHo
47%
V
47%
now
44%
drinking
42%
Louis
42%
Stick
41%
Bond
37%
please
37%
Shoreditch
36%
Hackney
31%
Heath
23%
No matching quizzes found
Score Distribution
Percent of People with Each Score
Percentile by Number Answered
Your Score History
You have not taken this quiz